000 01130nam a22002657a 4500
003 BPGM
005 20260624222849.0
008 260624b2016 mx ||||| |||| 001 0 spa d
020 _a978-607-7619-58-1
040 _aBPGM
_bspa
041 _aspa
_hspa
082 0 4 _aCQ / 861M /
_bA9342 / D42 /
100 _aAVENDAÑO LOPEZ, ULISES
245 _aDE INFANCIA LA MEMORIA
260 _aQUERETARO;
_bFONDO EDITORIAL DE QUERETARO,
_c2016.
300 _a56 paginas,
_c16.2 cm x 11 cm
336 _2rdacontent
_atexto
_btxt
337 _2rdamedia
_asin mediación
_bn
338 _2rdacarrier
_avolumen
_bnc
505 _aDE INFANCIA LA MEMORIA ES UN POEMARIO DEL AUTOR MEXICANO ULISES AVENDAÑO LÓPEZ QUE EXPLORA LA NOSTALGIA POR LOS PRIMEROS AÑOS DE VIDA A TRAVÉS DE UNA LÍRICA INTIMISTA Y REFLEXIVA. LA OBRA RECONSTRUYE EL PASADO MEDIANTE LA EVOCACIÓN DE ESPACIOS COTIDIANOS Y LA PÉRDIDA DE LA INOCENCIA, DESTACANDO LA MEMORIA COMO UNA HERRAMIENTA PARA VENCER EL PASO DEL TIEMPO.
650 _2LITERATURA Y RETÓRICA
650 _2LITERATURAS ESPAÑOLA Y PORTUGUESA
650 _2POESÍA ESPAÑOLA
942 _2ddc
_cCOLQ
999 _c68669
_d68669